Měření zisku kapitálových společností a rozdílné požadavky společníků, statutárních orgánů a managementu na obsah a strukturu výsledovky

Vypovedacia schopnosť merania zisku z pozície vlastníkov. Štruktúra vykazovaného hospodárskeho výsledku podľa US GAAP. Vypovedacia schopnosť merania zisku z pozície manažmentu. Príklady.

Na minha lista:
Detalhes bibliográficos
Autor principal: Fibírová, Jana
Formato: Capítulo de Livro
Idioma:tcheco
Assuntos:
Tags: Adicionar Tag
Sem tags, seja o primeiro a adicionar uma tag!

MARC

LEADER 00000naa$a2200000$$$4500
001 0090654
005 20230925091055.5
041 0 |a cze 
044 |a CZ 
245 1 0 |a Měření zisku kapitálových společností a rozdílné požadavky společníků, statutárních orgánů a managementu na obsah a strukturu výsledovky  |c Jana Fibírová 
520 |a Vypovedacia schopnosť merania zisku z pozície vlastníkov. Štruktúra vykazovaného hospodárskeho výsledku podľa US GAAP. Vypovedacia schopnosť merania zisku z pozície manažmentu. Príklady. 
610 2 0 |a zisk 
610 2 0 |a meranie 
610 2 0 |a spoločnosti kapitálové 
610 2 0 |a výsledovka 
610 2 0 |a orgány štatutárne 
610 2 0 |a manažment 
100 1 |a Fibírová, Jana